| 000 | 00672nam a2200193Ia 4500 | ||
|---|---|---|---|
| 003 | OSt | ||
| 005 | 20240328120011.0 | ||
| 008 | 210210b1995 xxu||||| |||| 00| 0 eng d | ||
| 040 | _cAL | ||
| 041 | _aKannada | ||
| 082 | _aK894.9 PARR | ||
| 100 |
_aPARAMESHVARA BHATTA (S V). _9116848 _dಪರಮೇಶ್ವರ ಭಟ್ಟ (ಎಸ್ ವಿ) |
||
| 245 |
_aRasarushi Kuvempu: Eradaneya samputa _bರಸರುಚಿ ಕುವೆಂಪು : ಎರಡನೆಯ ಸಂಪುಟ |
||
| 260 |
_aMaisuru. _bPrasaranga, Maisuru Vishvavidyalaya. _c1995 |
||
| 650 |
_aKuvempu Puttappa K V _9116849 |
||
| 690 |
_aKannada Criticism _9116850 |
||
| 906 | _a060428 | ||
| 942 |
_2ddc _cBK |
||
| 999 |
_c107250 _d107250 |
||